Morphology and taxonomy of fungi
Tallennettuna:
| Päätekijä: | |
|---|---|
| Aineistotyyppi: | Kirja |
| Kieli: | Undetermined |
| Julkaistu: |
New York
Hafner
1968
|
| Aiheet: | |
| Tagit: |
Lisää tagi
Ei tageja, Lisää ensimmäinen tagi!
|
| Thư viện lưu trữ: | Trung tâm Học liệu Trường Đại học Cần Thơ |
|---|
| LEADER | 00492nam a2200181Ia 4500 | ||
|---|---|---|---|
| 001 | CTU_21623 | ||
| 008 | 210402s9999 xx 000 0 und d | ||
| 082 | |a 589.2 | ||
| 082 | |b B558 | ||
| 100 | |a Ernet Athearn Bessey | ||
| 245 | 0 | |a Morphology and taxonomy of fungi | |
| 245 | 0 | |c Ernet Athearn Bessey | |
| 260 | |a New York | ||
| 260 | |b Hafner | ||
| 260 | |c 1968 | ||
| 650 | |a fungi | ||
| 904 | |i Nguyễn Quang Điền, 980114 | ||
| 980 | |a Trung tâm Học liệu Trường Đại học Cần Thơ | ||